[Event "HUN-chT U18"]
[Site "Budapest"]
[Date "2019.10.26"]
[Round "1.5"]
[White "Vidak, Boglarka"]
[Black "Bernath, Bence"]
[Result "0-1"]
[WhiteElo "1277"]
[BlackElo "2004"]
[PlyCount "68"]
[EventDate "2019.10.26"]
[EventType "team-swiss"]
[EventRounds "7"]
[EventCountry "HUN"]
[SourceTitle "CBM 192 Extra"]
[Source "Chessbase"]
[SourceDate "2019.11.06"]
[SourceVersion "1"]
[SourceVersionDate "2019.11.06"]
[SourceQuality "1"]
[WhiteTeam "Dunaujvaros Bastya"]
[BlackTeam "Paks Atomeromu"]
[WhiteTeamCountry "HUN"]
[BlackTeamCountry "HUN"]

1. e4 e5 2. Nf3 Nc6 3. Bc4 Nf6 4. d3 h6 5. Nc3 d6 6. 0-0 g5 7. Ne2 Bg7 8. h3 0-0 9. d4 exd4 10. Nexd4 Nxe4 11. Bd5 Nxd4 12. Nxd4 Nf6 13. Bb3 d5 14. Qf3 c5 15. Nf5 Bxf5 16. Qxf5 c4 17. Ba4 Qa5 18. Bd7 Rad8 19. Be6 fxe6 20. Qxe6+ Kh8 21. Qe3 Rde8 22. Bd2 Rxe3 23. Bxa5 Re2 24. Rac1 Ne4 25. f3 Bd4+ 26. Kh2 Be5+ 27. Kg1 Ng3 28. Rfe1 Bxb2 29. Rcd1 Rfe8 30. Rxe2 Nxe2+ 31. Kf2 d4 32. Rd2 d3 33. cxd3 Bd4+ 34. Kf1 Ng3# 0-1